Can man be modified?
Αποθηκεύτηκε σε:
| Κύριος συγγραφέας: | |
|---|---|
| Άλλοι συγγραφείς: | |
| Μορφή: | Βιβλίο |
| Γλώσσα: | English |
| Δημοσίευση: |
New York :
Basic Books,
1959
|
| Θέματα: | |
| Ετικέτες: |
Προσθήκη ετικέτας
Δεν υπάρχουν, Καταχωρήστε ετικέτα πρώτοι!
|
MARC
| LEADER | 00000cam a2200000 i 4500 | ||
|---|---|---|---|
| 001 | 1/6592 | ||
| 008 | 000615s1959 eng d | ||
| 035 | |l 10061986 | ||
| 040 | |a GR-MY-UA |b gre |e aacr | ||
| 041 | 0 | |a eng | |
| 082 | 0 | |a 599.935 | |
| 100 | 1 | |a Rostand, Jean, |d 1894-1977. | |
| 245 | 1 | 0 | |a Can man be modified? / |c Jean Rostand ; translated from the french by Jonathan Griffin |
| 260 | |a New York : |b Basic Books, |c 1959 | ||
| 300 | |a 105 p. | ||
| 650 | 0 | 0 | |a Biology. |
| 650 | 0 | 0 | |a Human genetics. |
| 700 | 0 | |a Griffin, Jonathan. |4 trl | |
| 852 | |a INST |b LESVOS |e 20000615 |h 599.935 ROB |p 005100023477 |q 005100023477 |t BK |y 0 | ||
| 909 | |a Λ |b 072959 | ||
| 970 | |z 2000/06/ΟΙΚΟΝΟΜΟΠΟΥΛΟΥ ΧΡΙΣΤΙΝΑ | ||